MDQL
is popping MORE tags! Check the
thread
!
Quizzes
Events
Quiz Creation
Community
Videos
Private Events
Remove Ads
Sign In
Join for FREE
Feedback
Dark Mode
Quiz Categories
Sports
Geography
Music
Movies
Television
Just For Fun
Miscellaneous
History
Literature
Language
Science
Gaming
Entertainment
Religion
Holiday
For Kids
Quiz Lab
Recent
Popular Today
Quiz Kudos Today
Editor Picks
Curator Picks
Quizzes by...
Day
Popularity
Type
Ratings
Length
Year
Community
Subscriptions
Recent Discussions
Orange Saloon
Badges
Playlists
Quests
Create
Leaderboards
Showdown
Live 5
Trivia Bingo
Activity
Puzzle Library
Sporcle Events
Private Events
Virtual Trivia
Globe League
Become a Host
Pub Owners
SporcleCon
Opinionation
Our Games
Videos
Blog
Mobile Apps
Partnerships
Remove Ads and Go Orange
Feedback
Sports
Athletes
MLB
NBA
NHL
NFL
Soccer
Sports Teams
WWE
NCAA
Football
Premier League
Basketball
Baseball
Hockey
Golf
Tennis
Cricket
Rugby
Auto Racing
Olympics
World Cup
Sports
Athletes
MLB
NBA
NHL
NFL
Soccer
Sports Teams
WWE
NCAA
Football
Premier League
Basketball
Baseball
Hockey
Golf
Tennis
Cricket
Rugby
Auto Racing
Olympics
World Cup
Random Quiz
Search Sporcle
×
Quiz Lab
Quiz Lab
Sports
Nation
Type in answers that appear in a list
Type in answers that appear in a list
Classic
Best Score? Go Orange.
Les meilleurs buteurs de 10 nations phares Stats
Saurez-vous retrouver les meilleurs buteurs de 10 nations phares ?
By
cchapuis
20m
100 Questions
34.7K Plays
34,674 Plays
34,674 Plays
Comments
Comments
Give Quiz Kudos
Give Quiz Kudos
-
- Ratings
hide this ad
Replay
Link that replays current quiz
Next Quiz
Link to next quiz in quiz playlist
You Got
0%
They Got
Avg Score
35%
Avg Friend Score
Upgrade to see
Score Distribution
Jump to the score distribution portion of the page
Score
0/100
Timer
20:00
0
Plays Today
Buts
Joueur
% Correct
PORTUGAL /
99 BUTS
Cristiano Ronaldo
90%
BRÉSIL /
62
Ronaldo
89.9%
FRANCE /
51 BUTS
Thierry Henry
89.7%
ALLEMAGNE /
71 BUTS
Miroslav Klose
89.3%
ALLEMAGNE /
68
Gerd Müller
86.1%
ALLEMAGNE /
38
Thomas Müller
86.1%
ARGENTINE /
70 BUTS
Lionel Messi
85.6%
FRANCE /
39
Olivier Giroud
84.9%
FRANCE /
41
Michel Platini
82.1%
FRANCE /
31
Zinédine Zidane
81.2%
BRÉSIL /
77 BUTS
Pelé
76.6%
FRANCE /
34
David Trezeguet
76%
ARGENTINE /
34
Diego Maradona
74.3%
BELGIQUE /
32
Eden Hazard
73.7%
BELGIQUE /
52 BUTS
Romelu Lukaku
70.5%
ANGLETERRE /
53 BUTS
Wayne Rooney
69.9%
BRÉSIL /
61
Neymar
68.2%
FRANCE /
27
Karim Benzema
67.9%
ESPAGNE /
59 BUTS
David Villa
63.4%
FRANCE /
30
Antoine Griezmann
62.7%
ARGENTINE /
41
Sergio Agüero
61.5%
ESPAGNE /
38
Fernando Torres
61%
ESPAGNE /
44
Raul
58.2%
ITALIE /
35 BUTS
Luigi Riva
57.8%
ANGLETERRE /
32
Harry Kane
54.7%
BRÉSIL /
37
Rivaldo
54%
ANGLETERRE /
40
Michael Owen
52.3%
FRANCE /
30
Jean-Pierre Papin
52%
FRANCE /
30
Just Fontaine
50.2%
PORTUGAL /
32
Luis Figo
49%
ARGENTINE /
52
Gabriel Batistuta
47.8%
BRÉSIL /
55
Romario
47.5%
PAYS-
BAS /
50 BUTS
Robin van Persie
46.6%
ITALIE /
25
Filippo Inzaghi
44.9%
Buts
Joueur
% Correct
ANGLETERRE /
29
Frank Lampard
44.5%
PORTUGAL /
47
Pedro Miguel Pauleta
43.2%
ARGENTINE /
31
Gonzalo Higuain
43.2%
PAYS-
BAS /
37
Arjen Robben
42.8%
PORTUGAL /
41
Eusebio
41.3%
PAYS-
BAS /
33
Johan Cruyff
40.2%
ITALIE /
27
Roberto Baggio
39.2%
ANGLETERRE /
30
Alan Shearer
38%
PORTUGAL /
26
Rui Costa
37.9%
ALLEMAGNE /
49
Lukas Podolski
37.9%
BRÉSIL /
39
Bebeto
36.8%
PAYS-
BAS /
35
Ruud van Nistelrooy
35.8%
ESPAGNE /
27
Fernando Morientes
35%
FRANCE /
28
Youri Djorkaeff
34%
ANGLETERRE /
49
Bobby Charlton
33.5%
ALLEMAGNE /
47
Rudi Völler
32.4%
PORTUGAL /
29
Nuno Gomes
32.4%
ESPAGNE /
35
David Silva
32.3%
ESPAGNE /
21
Michel et Sergio Ramos
31.6%
ARGENTINE /
35
Hernan Crespo
31.5%
PAYS-
BAS /
40
Patrick Kluivert
31%
ALLEMAGNE /
47
Jürgen Klinsmann
30.9%
BRÉSIL /
48
Zico
29.1%
ALLEMAGNE /
42
Michael Ballack
28.9%
ITALIE /
27
Alessandro Del Piero
28.4%
ITALIE /
23
Christian Vieri
27.6%
PAYS-
BAS /
37
Dennis Bergkamp
27.3%
PORTUGAL /
24
Nani
26.8%
PAYS-
BAS /
31
Wesley Sneijder
23.1%
BELGIQUE /
29
Marc Wilmots
19.8%
ANGLETERRE /
48
Gary Lineker
19.4%
ALLEMAGNE /
37
Oliver Bierhoff
18.2%
ALLEMAGNE /
45
Karl-Heinz Rummenigge
16.6%
PAYS-
BAS /
42
Klaas Jan Huntelaar
14.7%
Buts
Joueur
% Correct
ESPAGNE /
26
Emilio Butragueno
12.8%
ESPAGNE /
23
Alfredo Di Stefano
12.7%
ESPAGNE /
29
Fernando Hierro
12.4%
PORTUGAL /
27
Helder Postiga
9.1%
BRÉSIL /
44
Jairzinho
7.7%
PORTUGAL /
22
Simao
6.7%
PORTUGAL /
23
Joao Pinto
6.3%
ITALIE /
33
Giuseppe Meazza
5.6%
BELGIQUE /
30
Paul Van Himst
4.6%
ALLEMAGNE /
43
Uwe Seeler
4.3%
BELGIQUE /
24
Wesley Sonck
4.1%
ARGENTINE /
23
Daniel Passarella
3.7%
ITALIE /
25
Alessandro Altobelli
3.1%
BRÉSIL /
37
Leonidas
2.5%
ANGLETERRE /
44
Jimmy Greaves
2.5%
ARGENTINE /
21
Leopoldo Luque
2.4%
ESPAGNE /
22
Julio Salinas
2.4%
BELGIQUE /
23
Marc Degryse
2.3%
BRÉSIL /
43
Rivellino
2.3%
ITALIE /
30
Silvio Piola
2%
ITALIE /
23
Francesco Graziani
1.5%
BELGIQUE /
30
Bernard Voorhoof
1.2%
ANGLETERRE /
30
Nat Lofthouse
1.2%
ANGLETERRE /
30
Tom Finney
1.1%
ARGENTINE /
24
Luis Artime
1.1%
ARGENTINE /
21
José Sanfilippo
0.9%
BELGIQUE /
28
Joseph Mermans
0.9%
PAYS-
BAS /
35
Faas Wilkes
0.8%
BELGIQUE /
23
Raymond Braine
0.7%
PAYS-
BAS /
33
Abe Lenstra
0.7%
BELGIQUE /
26
Robert De Veen
0.7%
ITALIE /
25
Adolfo Baloncieri
0.6%
Quiz Playlist
Details
Report
Send in Message
Add To Playlist
Classic:
Type in answers that appear in a list
Last Updated: May 18, 2020
Quiz Scoreboard
CHALLENGE
Sign Up to Join the Scoreboard
Show All
Scores
Hide
Comments
May contain spoilers
Recently Published
Two Season TV Shows II
by 123Four
Television
10m
Image Sorting: Flags VI
by Barbecue
Geography
2m
Find the 'City' Movie
by crazypaving
Movies
60s
More to Explore
Quiz From the Vault
Featured Blog Post
14 Easter Pick-up Lines to Find Eggs With
hide this ad
You Might Also Like...
Tags
Nation Quiz
les
Miller
Outer
Today's Top Quizzes in Sports
Browse Sports
hide this ad
Today's Top Quizzes in Nation
Browse Nation
Top Contributed Quizzes in Sports
1
Les meilleurs buteurs des matchs entre le PSG et l’OM
2
Les entraîneurs de l'OM et du PSG au 21e siècle
3
2022 World Cup Stars
4
Les joueurs passés par le PSG et l'OM
5
Players with Multiple 50 Home Run Seasons
6
Criteria MLB: Left Handed Sluggers
7
FIFA Club World Cup Champions
8
Les joueurs passés par le LOSC et le RC Lens
9
NBA Logic Puzzle 2.0
10
Top 10 NHL Goal Scorers of All Time
Explore More
Trending Topics
Anime
Harry Potter
Disney
NBA
Kpop
Crossword
Marvel
The Office
WWE
Soccer
Song
Country
NFL
Pokémon
Puzzle
hide this ad
More By:
cchapuis
Quiz
Plays
Rating
Category
Featured
Created
Tous les clubs sacrés champions de France
75,189
5.00
Sports
Mar 18, 2020
Le palmarès du Ballon d'Or France Football
64,193
5.00
Sports
Mar 18, 2020
Tous les clubs vainqueurs de la C1
57,518
5.00
Sports
Mar 18, 2020
Les 20 recrues les plus chères de l'histoire du PSG
54,350
Sports
May 18, 2020
Les 51 joueurs les plus capés en équipe de France
50,368
Sports
Jul 10, 2020
Go to Creator's Profile
Score Distribution
Quiz Creator Spotlight
cchapuis
Follow
Send a Message
Quizzes Created
-
Created Quiz Play Count
-
More By This Creator
Popular Quizzes Today
1
Colored Red Africa Blitz
2
Find the US States - No Outlines Minefield
3
Find the 'City' Movie
4
5x2 Blitz: Bands
5
The Countries of the World
6
Find the US States
7
Find the Countries of Europe - No Outlines Minefield
8
US States
More Sports Quizzes
Get the Picture: Baseball Hall of Fame 2022
Editor's Pick
Trending Quizzes
Colored Red Europe Blitz I
Colored Red Africa Blitz II
Colored Red Europe Blitz II
Colored Red Africa Blitz III
Colored Red Europe Blitz III
Recently Updated
How Do You Spell That?
pecheneg
Godzilla Movies
pecheneg
Grab Bag: 4-10 Letters
pecheneg
2024 March Madness Bracket
pecheneg
Famous TV Couples
Peacemaker
Champions League XIs: Real Madrid
pecheneg
Largest US Cities 1790-2010
pecheneg
Rides in Walt Disney World
pecheneg
Most Oscar Losses (Acting)
pecheneg
Beyoncé Albums
pecheneg
Trending Topics
Kpop
Crossword
Harry Potter
NBA
Anime
Marvel
Disney
Country
The Office
Song
Soccer
WWE
Pokémon
NFL
Puzzle
Your Account Isn't Verified!
In order to create a playlist on Sporcle, you need to verify the email address you used during registration. Go to your
Sporcle Settings
to finish the process.
Report this User
Report this user for behavior that violates our
Community Guidelines
.
Details:
Send Report
Go to the Sporcle.com Mobile Site →
Comments